[Event "Staufer op 34th"]
[Site "Schwaebisch Gmuend"]
[Date "2024.01.03"]
[Round "3"]
[White "Weissbeck, Simon"]
[Black "Lesny, Florian"]
[Result "0-1"]
[WhiteElo "2026"]
[BlackElo "2196"]
[PlyCount "110"]
[EventDate "2024.01.02"]
[EventType "swiss"]
[EventRounds "9"]
[EventCountry "GER"]
[SourceTitle "CB02_2024"]
[SourceDate "2024.01.10"]
[SourceVersion "1"]
[SourceVersionDate "2024.01.10"]
[SourceQuality "1"]

1. e4 c5 2. c3 Nf6 3. e5 Nd5 4. d4 cxd4 5. Nf3 d6 6. cxd4 Nc6 7. Bc4 Nb6 8. Bb5 dxe5 9. Nxe5 Bd7 10. Bxc6 Bxc6 11. Nxc6 bxc6 12. 0-0 g6 13. Be3 Bg7 14. Nc3 0-0 15. Rc1 Nc4 16. b3 Nxe3 17. fxe3 Rc8 18. Ne4 e5 19. dxe5 Bxe5 20. Qf3 f5 21. Nc5 Qe7 22. Kh1 Bg7 23. Rfd1 Rfe8 24. Rd3 Bh6 25. Qh3 Bxe3 26. Rd7 Bxc1 27. Rxe7 Rxe7 28. Qc3 Bb2 29. Qc4+ Kh8 30. g3 Bg7 31. Ne6 Rce8 32. Nxg7 Kxg7 33. Qc3+ Re5 34. Qxc6 g5 35. h3 h5 36. g4 fxg4 37. hxg4 hxg4 38. Qd7+ Kg6 39. Qxg4 Re1+ 40. Kg2 R1e2+ 41. Kf1 Rxa2 42. b4 Rae2 43. Qd7 R8e7 44. Qc8 R2e4 45. b5 Rf4+ 46. Kg2 Re2+ 47. Kg3 Re3+ 48. Kg2 Rfe4 49. Qg8+ Kf5 50. Qf7+ Kg4 51. Qd7+ Re6 52. Qd4+ R3e4 53. Qd7 Re2+ 54. Kf1 Kg3 55. Qc7+ R6e5 0-1

[Event "Prague Menchik Memorial Rapid"]
[Site "Prague"]
[Date "2021.09.28"]
[Round "7"]
[White "Delgerdalai, Bayarjavkhlan"]
[Black "Weissbeck, Simon"]
[Result "1-0"]
[WhiteElo "2086"]
[BlackElo "2048"]
[PlyCount "77"]
[EventDate "2021.09.28"]
[EventType "swiss (rapid)"]
[EventRounds "9"]
[EventCountry "CZE"]
[SourceTitle "CBM 204 Extra"]
[Source "ChessBase"]
[SourceDate "2021.11.30"]
[SourceVersion "1"]
[SourceVersionDate "2021.11.30"]
[SourceQuality "1"]

1. e4 e6 2. d4 d5 3. e5 c5 4. c3 Nc6 5. Nf3 Qb6 6. Bd3 Bd7 7. 0-0 Nh6 8. dxc5 Bxc5 9. b4 Be7 10. a4 Rd8 11. Bxh6 gxh6 12. Qd2 Bf8 13. Qf4 Bg7 14. Nbd2 Qc7 15. Rfe1 Ne7 16. c4 Ng6 17. Bxg6 hxg6 18. cxd5 exd5 19. Nd4 0-0 20. Qg3 Qb6 21. N2f3 Kh7 22. h4 Rc8 23. a5 Qa6 24. e6 fxe6 25. b5 Bxb5 26. Rxe6 Qxe6 27. Nxe6 Bxa1 28. Nxf8+ Rxf8 29. Qc7+ Bg7 30. Qxb7 a6 31. Nd4 Bc4 32. Ne6 Rg8 33. g4 Kh8 34. Nf4 d4 35. Nxg6+ Kh7 36. Ne5 Ba2 37. Qe4+ Kh8 38. Ng6+ Kh7 39. Nf8+ 1-0

[Event "Prague Menchik Memorial Rapid"]
[Site "Prague"]
[Date "2021.09.28"]
[Round "3"]
[White "Vojta, Tomas"]
[Black "Weissbeck, Simon"]
[Result "1-0"]
[WhiteElo "2301"]
[BlackElo "2048"]
[PlyCount "51"]
[EventDate "2021.09.28"]
[EventType "swiss (rapid)"]
[EventRounds "9"]
[EventCountry "CZE"]
[SourceTitle "CBM 204 Extra"]
[Source "ChessBase"]
[SourceDate "2021.11.30"]
[SourceVersion "1"]
[SourceVersionDate "2021.11.30"]
[SourceQuality "1"]

1. e4 e6 2. Qe2 c5 3. f4 Nc6 4. Nf3 Nf6 5. d3 d6 6. c3 Be7 7. g3 e5 8. Bg2 Qc7 9. 0-0 Bg4 10. h3 Bxf3 11. Qxf3 h5 12. Na3 a6 13. Nc4 b5 14. Ne3 Nd8 15. Nd5 Nxd5 16. exd5 h4 17. fxe5 Ra7 18. e6 0-0 19. Qg4 fxe6 20. Bh6 Bf6 21. dxe6 hxg3 22. Rae1 Qe7 23. Bd5 b4 24. Re4 bxc3 25. bxc3 Bxc3 26. Rf7 1-0

[Event "Prague Menchik Memorial Rapid"]
[Site "Prague"]
[Date "2021.09.28"]
[Round "4"]
[White "Weissbeck, Simon"]
[Black "Sochor, Vaclav"]
[Result "1-0"]
[WhiteElo "2048"]
[BlackElo "1336"]
[PlyCount "75"]
[EventDate "2021.09.28"]
[EventType "swiss (rapid)"]
[EventRounds "9"]
[EventCountry "CZE"]
[SourceTitle "CBM 204 Extra"]
[Source "ChessBase"]
[SourceDate "2021.11.30"]
[SourceVersion "1"]
[SourceVersionDate "2021.11.30"]
[SourceQuality "1"]

1. e4 e6 2. d4 d5 3. e5 c5 4. c3 Nc6 5. Nf3 Qb6 6. a3 cxd4 7. cxd4 Nge7 8. Bd3 Nf5 9. Bxf5 exf5 10. 0-0 Be7 11. Nc3 Be6 12. b4 0-0 13. Be3 a5 14. b5 Na7 15. a4 Rac8 16. Rc1 Bb4 17. Bd2 Ba3 18. Rc2 Bb4 19. Ne2 Rxc2 20. Qxc2 Rc8 21. Qb3 Bxd2 22. Nxd2 Qd8 23. Rc1 Rxc1+ 24. Nxc1 Qc7 25. Nd3 b6 26. h4 h6 27. Qb2 Qe7 28. Nf3 g5 29. hxg5 hxg5 30. Qc1 f4 31. g3 Bg4 32. Nde1 Bxf3 33. Nxf3 g4 34. Nh4 fxg3 35. fxg3 Qe6 36. Qg5+ Kf8 37. Nf5 Qc8 38. Qg7+ 1-0

[Event "Staufer op-A 30th"]
[Site "Schwaebisch Gmuend"]
[Date "2018.01.04"]
[Round "6"]
[White "Weissbeck, Simon"]
[Black "Metz, Hartmut"]
[Result "0-1"]
[WhiteElo "2065"]
[BlackElo "2281"]
[PlyCount "80"]
[EventDate "2018.01.02"]
[EventType "swiss"]
[EventRounds "9"]
[EventCountry "GER"]
[SourceTitle "CBM 182 Extra"]
[Source "ChessBase"]
[SourceDate "2018.02.23"]
[SourceVersion "1"]
[SourceVersionDate "2018.02.23"]
[SourceQuality "1"]

1. e4 c6 2. d4 d5 3. e5 Bf5 4. Nf3 e6 5. Be2 Nd7 6. 0-0 Bg6 7. Be3 Nh6 8. Bg5 Be7 9. Bxe7 Qxe7 10. b3 0-0 11. c4 f6 12. Nc3 Rad8 13. exf6 Qxf6 14. Qd2 Nf5 15. Rad1 Bh5 16. Qf4 Bxf3 17. Bxf3 dxc4 18. bxc4 Nb6 19. Ne4 Qg6 20. Qg5 Nxd4 21. Qxg6 Nxf3+ 22. gxf3 hxg6 23. Ng5 Nxc4 24. Nxe6 Rxd1 25. Rxd1 Re8 26. Ng5 Nb6 27. Rd6 Kf8 28. Kg2 a5 29. Kg3 a4 30. Rd4 Re5 31. f4 Rd5 32. Ne6+ Ke7 33. Re4 Kd6 34. Nxg7 a3 35. Re6+ Kc5 36. Rxg6 Rd2 37. f5 Rxa2 38. f6 Nd7 39. f7 Ra1 40. Rg5+ Kb6 0-1

[Event "Oberliga Wuerttemberg 1617"]
[Site "Wuerttemberg"]
[Date "2016.10.16"]
[Round "2.7"]
[White "Pohl, Walter"]
[Black "Weissbeck, Simon"]
[Result "1-0"]
[WhiteElo "2123"]
[BlackElo "2077"]
[PlyCount "77"]
[EventDate "2016.09.25"]
[EventType "team-tourn"]
[EventRounds "11"]
[EventCountry "GER"]
[SourceTitle "EXT 2019"]
[Source "ChessBase"]
[SourceDate "2018.10.10"]
[SourceVersion "1"]
[SourceVersionDate "2018.10.10"]
[SourceQuality "1"]
[WhiteTeam "Schwaebisch Gmuend"]
[BlackTeam "Heilbronn"]
[WhiteTeamCountry "GER"]
[BlackTeamCountry "GER"]

1. e4 e6 2. d3 d5 3. Nd2 Nf6 4. Ngf3 Be7 5. g3 0-0 6. Bg2 c5 7. 0-0 Nc6 8. Re1 Re8 9. e5 Nd7 10. h4 b5 11. Nf1 Bb7 12. Bf4 Qb6 13. N1h2 a5 14. h5 a4 15. g4 a3 16. bxa3 Rxa3 17. g5 Nd4 18. Nxd4 cxd4 19. g6 hxg6 20. hxg6 fxg6 21. Qg4 Nf8 22. Nf3 Rea8 23. Bg5 Bc5 24. Kh2 Rxa2 25. Rxa2 Rxa2 26. Kg3 Qc7 27. Qh4 Rxc2 28. Bd8 Qb8 29. Ng5 Bb4 30. Qf4 Rxf2 31. Kxf2 Bxe1+ 32. Kxe1 Qxd8 33. Qf7+ Kh8 34. Nf3 Ba6 35. Ke2 Bc8 36. Nxd4 Nh7 37. Nc6 Qd7 38. Ne7 Nf6 39. exf6 1-0

[Event "Staufer op-A 27th"]
[Site "Schwaebisch Gmuend"]
[Date "2015.01.04"]
[Round "5"]
[White "Mueller, Ralf1111"]
[Black "Weissbeck, Simon"]
[Result "1-0"]
[WhiteElo "2389"]
[BlackElo "2039"]
[PlyCount "67"]
[EventDate "2015.01.02"]
[EventType "swiss"]
[EventRounds "9"]
[EventCountry "GER"]
[SourceTitle "CBM 164 Extra"]
[Source "ChessBase"]
[SourceDate "2015.03.02"]
[SourceVersion "1"]
[SourceVersionDate "2015.03.02"]
[SourceQuality "1"]

1. d4 Nf6 2. Nf3 g6 3. c4 Bg7 4. Nc3 0-0 5. e4 d6 6. Be2 e5 7. Be3 Nc6 8. d5 Ne7 9. Nd2 Nd7 10. b4 f5 11. f3 a5 12. bxa5 f4 13. Bf2 g5 14. Nb3 Ng6 15. c5 Nh4 16. 0-0 Nxc5 17. Nxc5 dxc5 18. Na4 Rxa5 19. Nxc5 g4 20. fxg4 Qg5 21. Ne6 Bxe6 22. dxe6 Ra3 23. Bxh4 Qxh4 24. Rf3 Qe7 25. Rxa3 Qxa3 26. Qb3 Qc5+ 27. Kh1 Re8 28. Rd1 Bf6 29. Qxb7 Be7 30. Qb5 Qxb5 31. Bxb5 Rb8 32. a4 Bd6 33. Rxd6 cxd6 34. e7 1-0

[Event "Staufer op-A 27th"]
[Site "Schwaebisch Gmuend"]
[Date "2015.01.03"]
[Round "3"]
[White "Starostits, Ilmars"]
[Black "Weissbeck, Simon"]
[Result "1-0"]
[WhiteElo "2441"]
[BlackElo "2039"]
[PlyCount "87"]
[EventDate "2015.01.02"]
[EventType "swiss"]
[EventRounds "9"]
[EventCountry "GER"]
[SourceTitle "CBM 164 Extra"]
[Source "ChessBase"]
[SourceDate "2015.03.02"]
[SourceVersion "1"]
[SourceVersionDate "2015.03.02"]
[SourceQuality "1"]

1. d4 Nf6 2. c4 g6 3. Nc3 Bg7 4. e4 d6 5. Be2 0-0 6. Nf3 e5 7. 0-0 Nc6 8. d5 Ne7 9. b4 Nd7 10. Be3 f5 11. Ng5 Nf6 12. f3 f4 13. Bf2 a5 14. bxa5 Nh5 15. c5 Nf5 16. exf5 Qxg5 17. Ne4 Qe7 18. fxg6 hxg6 19. Rb1 Rxa5 20. Qd2 Ra8 21. Qb4 Nf6 22. cxd6 cxd6 23. Qxd6 Qxd6 24. Nxd6 Rd8 25. Nxc8 Raxc8 26. Rfc1 Nxd5 27. Rxc8 Rxc8 28. Bd3 Nc3 29. Rxb7 Nxa2 30. h4 Rc6 31. Be4 Rc1+ 32. Kh2 Nc3 33. Bxg6 Ne2 34. h5 Ng3 35. Bxg3 fxg3+ 36. Kxg3 Bh6 37. Kg4 Rg1 38. Rb2 Bf4 39. Kf5 Ra1 40. Rb8+ Kg7 41. Rb7+ Kg8 42. g4 Kf8 43. g5 Rg1 44. h6 1-0

[Event "Staufer op-A 27th"]
[Site "Schwaebisch Gmuend"]
[Date "2015.01.03"]
[Round "4"]
[White "Weissbeck, Simon"]
[Black "Huhndorf, Arnold"]
[Result "1-0"]
[WhiteElo "2039"]
[BlackElo "2273"]
[PlyCount "85"]
[EventDate "2015.01.02"]
[EventType "swiss"]
[EventRounds "9"]
[EventCountry "GER"]
[SourceTitle "CBM 164 Extra"]
[Source "ChessBase"]
[SourceDate "2015.03.02"]
[SourceVersion "1"]
[SourceVersionDate "2015.03.02"]
[SourceQuality "1"]

1. e4 c5 2. c3 g6 3. d4 cxd4 4. cxd4 d5 5. e5 Bg7 6. Nf3 Bg4 7. Qb3 Qb6 8. Qxb6 axb6 9. Nc3 Bxf3 10. gxf3 e6 11. Nb5 Kf8 12. Be3 Nc6 13. Bd3 Nge7 14. a3 Nc8 15. h4 h5 16. Rc1 Ke7 17. Ke2 Kd7 18. Rc3 Bf8 19. Bg5 Be7 20. f4 N8a7 21. Rhc1 Rhc8 22. Ke3 Bxg5 23. fxg5 Nxb5 24. Bxb5 Ra5 25. Rb3 Kc7 26. Kd2 Kd7 27. Bxc6+ Rxc6 28. Rxc6 Kxc6 29. Rf3 Ra4 30. Kd3 Rc4 31. Rxf7 Rc1 32. Rf6 Rd1+ 33. Kc3 Rh1 34. Rxe6+ Kb5 35. a4+ Kxa4 36. Rxg6 Rh3+ 37. Kc2 Kb5 38. f4 Kc4 39. Rxb6 Rh2+ 40. Kb1 Rxh4 41. f5 Rg4 42. f6 h4 43. f7 1-0

[Event "Reutlingen op 19th"]
[Site "Reutlingen"]
[Date "2014.06.08"]
[Round "2"]
[White "Weissbeck, Simon"]
[Black "Gheng, Josef"]
[Result "0-1"]
[WhiteElo "1999"]
[BlackElo "2331"]
[PlyCount "74"]
[EventDate "2014.06.07"]
[EventType "swiss"]
[EventRounds "7"]
[EventCountry "GER"]
[SourceTitle "EXT 2015"]
[Source "ChessBase"]
[SourceDate "2014.11.20"]
[SourceVersion "1"]
[SourceVersionDate "2014.11.20"]
[SourceQuality "1"]

1. e4 e5 2. Nf3 d6 3. d4 exd4 4. Nxd4 Nf6 5. Nc3 Be7 6. Bf4 0-0 7. Qd2 c6 8. Be2 b5 9. a3 a6 10. Bf3 Qc7 11. 0-0 g6 12. Rfe1 Nfd7 13. Bg4 Ne5 14. Bxc8 Rxc8 15. Rad1 Nbd7 16. b3 Re8 17. Bg5 f6 18. Bh4 Bf8 19. h3 Nf7 20. Kh1 Rac8 21. Bg3 Qa5 22. f4 Bh6 23. Qd3 Qxa3 24. Qf3 Qa5 25. f5 Ng5 26. Qg4 Qxc3 27. fxg6 hxg6 28. h4 Nf8 29. hxg5 Bxg5 30. Bxd6 Rcd8 31. Nf3 Rd7 32. Bxf8 Rh7+ 33. Kg1 Kxf8 34. Nxg5 Qc5+ 35. Kf1 fxg5 36. Rd2 Rf7+ 37. Ke2 Rf4 0-1

[Event "GER-chT U20"]
[Site "Osnabrueck"]
[Date "2011.12.27"]
[Round "2.2"]
[White "Weissbeck, Simon"]
[Black "Schulz, Anja2222"]
[Result "1/2-1/2"]
[WhiteElo "2007"]
[BlackElo "2113"]
[PlyCount "37"]
[EventDate "2011.12.27"]
[EventType "team-swiss"]
[EventRounds "7"]
[EventCountry "GER"]
[SourceTitle "CBM 146 Extra"]
[Source "ChessBase"]
[SourceDate "2012.02.29"]
[SourceVersion "1"]
[SourceVersionDate "2012.02.29"]
[SourceQuality "1"]
[WhiteTeam "Heilbronn"]
[BlackTeam "Wilkau Hasslau Muldental"]
[WhiteTeamCountry "GER"]
[BlackTeamCountry "GER"]

1. e4 c5 2. c3 Nf6 3. e5 Nd5 4. Nf3 Nc6 5. Bc4 Nb6 6. Bb3 d6 7. exd6 Qxd6 8. d4 cxd4 9. cxd4 Be6 10. 0-0 Bxb3 11. Qxb3 e6 12. Nc3 Be7 13. Nb5 Qb8 14. Be3 0-0 15. Nxa7 Qxa7 16. d5 exd5 17. Bxb6 Qa6 18. Nd4 Bf6 19. Rfd1 1/2-1/2

[Event "GER-ch U25 op"]
[Site "Willingen"]
[Date "2009.06.06"]
[Round "9"]
[White "Weissbeck, Simon"]
[Black "Frischmann, Rick"]
[Result "1-0"]
[WhiteElo "1959"]
[BlackElo "1685"]
[PlyCount "93"]
[EventDate "2009.05.30"]
[EventType "swiss"]
[EventRounds "9"]
[EventCountry "GER"]
[SourceTitle "EXT 2010"]
[Source "ChessBase"]
[SourceDate "2010.11.25"]
[SourceVersion "1"]
[SourceVersionDate "2010.11.25"]
[SourceQuality "1"]

1. e4 c5 2. c3 d5 3. exd5 Qxd5 4. d4 Nf6 5. Nf3 Bg4 6. Be2 e6 7. h3 Bh5 8. 0-0 Be7 9. Be3 cxd4 10. cxd4 0-0 11. Nc3 Qa5 12. a3 Nbd7 13. b4 Qd8 14. d5 exd5 15. Nxd5 Nxd5 16. Qxd5 Nf6 17. Qxb7 Qd7 18. Qxd7 Nxd7 19. Rfd1 Nb6 20. Rac1 Rac8 21. g4 Bg6 22. Ne5 Bc2 23. Rd2 Ba4 24. Rxc8 Rxc8 25. Kg2 h6 26. Bd1 Bxd1 27. Rxd1 Rc3 28. Rd3 Rxd3 29. Nxd3 Nc4 30. Bxa7 Nxa3 31. Bc5 Bxc5 32. bxc5 Kf8 33. Kf3 Ke7 34. Ke4 Ke6 35. Nf4+ Kf6 36. Nh5+ Kg6 37. Kd5 f5 38. f4 fxg4 39. hxg4 Kf7 40. c6 Nb5 41. Kc5 Nc7 42. Kd6 Nb5+ 43. Kd7 g6 44. Ng3 h5 45. gxh5 gxh5 46. Nxh5 Kg6 47. Ng3 1-0

[Event "GER-ch U25 op"]
[Site "Willingen"]
[Date "2009.06.05"]
[Round "8"]
[White "Ackermann, Johannes"]
[Black "Weissbeck, Simon"]
[Result "1/2-1/2"]
[WhiteElo "1935"]
[BlackElo "1959"]
[PlyCount "45"]
[EventDate "2009.05.30"]
[EventType "swiss"]
[EventRounds "9"]
[EventCountry "GER"]
[SourceTitle "EXT 2010"]
[Source "ChessBase"]
[SourceDate "2010.11.25"]
[SourceVersion "1"]
[SourceVersionDate "2010.11.25"]
[SourceQuality "1"]

1. e4 e6 2. d4 d5 3. Nc3 dxe4 4. Nxe4 Nd7 5. Nf3 Ngf6 6. Bd3 Be7 7. Qe2 c5 8. Bg5 h6 9. Bxf6 Bxf6 10. Nxf6+ Qxf6 11. 0-0-0 Qf4+ 12. Kb1 0-0 13. g3 Qc7 14. g4 cxd4 15. g5 Qf4 16. gxh6 Qxh6 17. Nxd4 Nc5 18. Bc4 a6 19. Qe5 Nd7 20. Qg3 b5 21. Be2 Bb7 22. Rhg1 Nf6 23. Bf3 1/2-1/2

[Event "GER-ch U25 op"]
[Site "Willingen"]
[Date "2009.06.04"]
[Round "7"]
[White "Weissbeck, Simon"]
[Black "Siebarth, Raiko"]
[Result "0-1"]
[WhiteElo "1959"]
[BlackElo "2246"]
[PlyCount "48"]
[EventDate "2009.05.30"]
[EventType "swiss"]
[EventRounds "9"]
[EventCountry "GER"]
[SourceTitle "EXT 2010"]
[Source "ChessBase"]
[SourceDate "2010.11.25"]
[SourceVersion "1"]
[SourceVersionDate "2010.11.25"]
[SourceQuality "1"]

1. e4 d6 2. d4 g6 3. Nc3 Bg7 4. Be3 Nd7 5. f3 c5 6. Bb5 cxd4 7. Bxd4 Ngf6 8. Nge2 0-0 9. 0-0 a6 10. Bc4 b5 11. Bd5 Rb8 12. a3 Nb6 13. b4 Qc7 14. Rc1 Bd7 15. Qd3 Rfc8 16. Bb3 Nc4 17. f4 e5 18. Bf2 exf4 19. Bh4 Ne5 20. Qd2 Be6 21. Qxf4 Nh5 22. Qf2 Ng4 23. Qf3 d5 24. g3 Bxc3 0-1

[Event "GER-ch U25 op"]
[Site "Willingen"]
[Date "2008.05.17"]
[Round "9"]
[White "Weissbeck, Simon"]
[Black "Huhnstock, Rico"]
[Result "1-0"]
[WhiteElo "1831"]
[BlackElo "1880"]
[PlyCount "75"]
[EventDate "2008.05.11"]
[EventType "swiss"]
[EventRounds "9"]
[EventCountry "GER"]
[SourceTitle "CBM 124 Extra"]
[Source "ChessBase"]
[SourceDate "2008.07.03"]
[SourceVersion "1"]
[SourceVersionDate "2008.07.03"]
[SourceQuality "1"]

1. e4 c5 2. c3 Nf6 3. e5 Nd5 4. Nf3 d6 5. Bc4 e6 6. 0-0 Nb6 7. Bb3 c4 8. Bc2 Nc6 9. exd6 Bxd6 10. d4 Bd7 11. Nbd2 Ne7 12. Ne4 Bc7 13. Nfg5 Ng6 14. Qf3 Qe7 15. Nc5 Bc6 16. Be4 Bxe4 17. Qxe4 0-0 18. h4 Nd5 19. h5 Nf6 20. Qf3 Nh4 21. Qh3 Nf5 22. Re1 Nd6 23. Bf4 b6 24. Bxd6 Bxd6 25. Nce4 Nxe4 26. Nxe4 Rfe8 27. Nxd6 Qxd6 28. Re3 Rad8 29. Rae1 Qc6 30. h6 g6 31. Qh4 Qd6 32. d5 e5 33. Rxe5 Rxe5 34. Rxe5 f6 35. Re4 g5 36. Qg4 Qxd5 37. Rd4 Qa8 38. Qe6+ 1-0

[Event "GER-ch U25 op"]
[Site "Willingen"]
[Date "2008.05.15"]
[Round "7"]
[White "Weissbeck, Simon"]
[Black "Thanabalasingam, Ajandhan"]
[Result "1/2-1/2"]
[WhiteElo "1831"]
[BlackElo "1723"]
[PlyCount "40"]
[EventDate "2008.05.11"]
[EventType "swiss"]
[EventRounds "9"]
[EventCountry "GER"]
[SourceTitle "CBM 124 Extra"]
[Source "ChessBase"]
[SourceDate "2008.07.03"]
[SourceVersion "1"]
[SourceVersionDate "2008.07.03"]
[SourceQuality "1"]

1. e4 c5 2. c3 d5 3. exd5 Qxd5 4. d4 g6 5. Nf3 Bg7 6. Na3 Nh6 7. Bc4 Qd8 8. Bxh6 Bxh6 9. dxc5 0-0 10. 0-0 Bg4 11. Qxd8 Rxd8 12. Bxf7+ Kf8 13. Bc4 Bxf3 14. gxf3 Nd7 15. Rad1 Nxc5 16. Nb5 a6 17. Nd4 e5 18. Ne6+ Nxe6 19. Bxe6 Ke7 20. Bb3 Bd2 1/2-1/2

[Event "Stuttgart-chA int"]
[Site "Ditzingen"]
[Date "2008.05.02"]
[Round "4"]
[White "Haeussler, Frank"]
[Black "Weissbeck, Simon"]
[Result "1-0"]
[WhiteElo "2030"]
[BlackElo "1831"]
[PlyCount "69"]
[EventDate "2008.05.01"]
[EventType "swiss"]
[EventRounds "7"]
[EventCountry "GER"]
[SourceTitle "EXT 2018"]
[Source "ChessBase"]
[SourceDate "2017.10.13"]
[SourceVersion "1"]
[SourceVersionDate "2017.10.13"]
[SourceQuality "1"]

1. d4 Nf6 2. c4 g6 3. Nc3 Bg7 4. e4 d6 5. f4 0-0 6. Nf3 c5 7. d5 e6 8. Be2 exd5 9. cxd5 Re8 10. e5 dxe5 11. fxe5 Ng4 12. Bg5 f6 13. exf6 Bxf6 14. Qd2 Bxg5 15. Qxg5 Qxg5 16. Nxg5 Ne3 17. Kf2 Bf5 18. h3 h5 19. Bf3 Na6 20. Nge4 Bxe4 21. Bxe4 Nf5 22. g4 Nd4 23. Bxg6 Rf8+ 24. Kg2 hxg4 25. hxg4 Rf4 26. Kg3 Raf8 27. Bf5 Rf3+ 28. Kg2 Re3 29. Raf1 Nxf5 30. Rxf5 Rxf5 31. gxf5 Rd3 32. Ne4 Nb4 33. d6 Nd5 34. Kf2 Kg7 35. Nxc5 1-0

[Event "Stuttgart-chA int"]
[Site "Ditzingen"]
[Date "2008.05.01"]
[Round "3"]
[White "Weissbeck, Simon"]
[Black "Kaplunov, Vadym"]
[Result "0-1"]
[WhiteElo "1831"]
[BlackElo "1967"]
[PlyCount "76"]
[EventDate "2008.05.01"]
[EventType "swiss"]
[EventRounds "7"]
[EventCountry "GER"]
[SourceTitle "EXT 2018"]
[Source "ChessBase"]
[SourceDate "2017.10.13"]
[SourceVersion "1"]
[SourceVersionDate "2017.10.13"]
[SourceQuality "1"]

1. e4 c5 2. c3 Nf6 3. e5 Nd5 4. d4 cxd4 5. cxd4 d6 6. Nf3 Nc6 7. Bc4 Nb6 8. Bb5 e6 9. 0-0 Bd7 10. Nc3 a6 11. Bxc6 Bxc6 12. Be3 Be7 13. Nd2 dxe5 14. dxe5 Nd5 15. Nxd5 Qxd5 16. Nf3 0-0 17. Qxd5 Bxd5 18. Rac1 Rac8 19. a3 f6 20. exf6 Bxf6 21. Bd4 Bxf3 22. Bxf6 Be2 23. Rxc8 Rxc8 24. Bc3 Bxf1 25. Kxf1 Kf7 26. Ke2 b5 27. Kd2 g6 28. h4 Rc4 29. g3 Ke7 30. Kd3 Kd6 31. Ke3 Kd5 32. Kd3 e5 33. Ke3 Rxc3+ 34. bxc3 Kc4 35. Ke4 Kxc3 36. Kxe5 a5 37. f4 b4 38. f5 gxf5 0-1

[Event "Neckar op-B 12th"]
[Site "Deizisau"]
[Date "2008.03.24"]
[Round "8"]
[White "Weissbeck, Simon"]
[Black "Niedermeier, Thomas"]
[Result "0-1"]
[WhiteElo "1795"]
[BlackElo "1965"]
[PlyCount "80"]
[EventDate "2008.03.20"]
[EventType "swiss"]
[EventRounds "9"]
[EventCountry "GER"]
[SourceTitle "CBM 123 Extra"]
[Source "ChessBase"]
[SourceDate "2008.05.06"]
[SourceVersion "1"]
[SourceVersionDate "2008.05.06"]
[SourceQuality "1"]

1. e4 c5 2. c3 d5 3. exd5 Qxd5 4. d4 Nc6 5. Nf3 cxd4 6. cxd4 e5 7. Nc3 Bb4 8. Bd2 Bxc3 9. Bxc3 e4 10. Ne5 Nxe5 11. dxe5 Ne7 12. Qb3 Qxb3 13. axb3 0-0 14. Bb4 Re8 15. Bb5 Nc6 16. Bxc6 bxc6 17. Bd6 f6 18. exf6 gxf6 19. 0-0 Be6 20. b4 Bc4 21. Rfd1 a6 22. Bc5 Rad8 23. Bb6 Rd3 24. Rdc1 Bb5 25. Be3 Red8 26. Bc5 Kf7 27. h3 Ke6 28. Rc3 f5 29. Re1 Kd5 30. f3 Rg8 31. fxe4+ fxe4 32. Rxd3+ exd3 33. Rd1 a5 34. b3 Re8 35. Bf2 axb4 36. Be1 c5 37. Bd2 Re2 38. Kf1 Kd4 39. h4 Bc6 40. g3 Bd5 0-1

[Event "GER-chT U20"]
[Site "Kelheim"]
[Date "2007.12.30"]
[Round "7.4"]
[White "Andraschko, Felix"]
[Black "Weissbeck, Simon"]
[Result "1-0"]
[WhiteElo "1900"]
[BlackElo "1780"]
[PlyCount "53"]
[EventDate "2007.12.27"]
[EventType "team-swiss"]
[EventRounds "7"]
[EventCountry "GER"]
[SourceTitle "EXT 2022"]
[Source "ChessBase"]
[SourceDate "2021.10.06"]
[SourceVersion "1"]
[SourceVersionDate "2021.10.06"]
[SourceQuality "1"]
[WhiteTeam "Tamm 74 U20"]
[BlackTeam "Heilbronn U20"]
[WhiteTeamCountry "GER"]
[BlackTeamCountry "GER"]

1. d4 Nf6 2. Nf3 g6 3. Nc3 Bg7 4. e4 d6 5. Be3 0-0 6. Qd2 e5 7. 0-0-0 exd4 8. Nxd4 Bd7 9. f3 Nc6 10. g4 Nxd4 11. Bxd4 Bc6 12. h4 Nd7 13. Bxg7 Kxg7 14. g5 Qe7 15. h5 Rad8 16. f4 Nb6 17. Re1 Rde8 18. Bd3 Qd7 19. Rh4 Rh8 20. Reh1 d5 21. hxg6 fxg6 22. Qh2 Kg8 23. e5 Re7 24. Bxg6 d4 25. Ne4 Bxe4 26. Bxe4 Qa4 27. Bxh7+ 1-0

[Event "GER-chT U20"]
[Site "Kelheim"]
[Date "2007.12.29"]
[Round "6.4"]
[White "Borel, Markus"]
[Black "Weissbeck, Simon"]
[Result "0-1"]
[WhiteElo "1930"]
[BlackElo "1780"]
[PlyCount "98"]
[EventDate "2007.12.27"]
[EventType "team-swiss"]
[EventRounds "7"]
[EventCountry "GER"]
[SourceTitle "EXT 2022"]
[Source "ChessBase"]
[SourceDate "2021.10.06"]
[SourceVersion "1"]
[SourceVersionDate "2021.10.06"]
[SourceQuality "1"]
[WhiteTeam "Grossenseebach U20"]
[BlackTeam "Heilbronn U20"]
[WhiteTeamCountry "GER"]
[BlackTeamCountry "GER"]

1. e3 d5 2. b3 c5 3. Bb2 Nc6 4. Nf3 Nf6 5. d4 Bg4 6. Be2 cxd4 7. exd4 e6 8. 0-0 Bd6 9. Ne5 Bxe2 10. Qxe2 0-0 11. Nd2 Qc7 12. Ndf3 Rac8 13. Nd3 Nb4 14. Nxb4 Bxb4 15. Rac1 Bc3 16. Bxc3 Qxc3 17. Qb5 Rc7 18. Qa4 a6 19. Rfe1 Rfc8 20. Qa3 a5 21. Re3 Qb4 22. Qb2 Ne4 23. a3 Qb5 24. Ne5 Nc3 25. Nd3 Ne2+ 26. Rxe2 Qxd3 27. Kf1 Rxc2 28. Rcxc2 Qd1+ 29. Re1 Qxc2 30. Qa1 Qxb3 31. Rb1 Qd3+ 32. Kg1 Qc3 33. Qxc3 Rxc3 34. Kf1 Rxa3 35. Rxb7 g6 36. Ke2 Ra2+ 37. Ke3 a4 38. g3 Kg7 39. h3 a3 40. Ra7 Ra1 41. Ke2 Kf6 42. Kf3 g5 43. g4 a2 44. Kg2 Kg6 45. Ra6 h5 46. Kf3 hxg4+ 47. hxg4 f6 48. Kg2 Kf7 49. Ra7+ Ke8 0-1